| 000 | 00997nas a2200313 4500 | ||
|---|---|---|---|
| 001 | BR8106017 | ||
| 003 | BR-BrBNA | ||
| 005 | 20231205084847.0 | ||
| 007 | ta | ||
| 008 | 230509b bl.|||p| |||| 00| 00por d | ||
| 040 |
_aBR-BrBNA _bpor _cBiblioteca Nacional de Agricultura |
||
| 041 | _a(Pt) | ||
| 072 | _aK50 | ||
| 100 | 1 | _aSerpa, F. da G. | |
| 100 | 1 | _aMendonca, A.L. | |
| 100 | 1 | _aCosta, S.S.P. da | |
| 245 | 1 | _aDurabilidade natural de madeiras do Nordeste em campo de apodrecimento [conduru, Brosimum paraense, cupiuba, Tapirica guianensis, murici, Byrsonima sericea, bulandi, Symphonia globulifera, Brasil] | |
| 650 | _aMADEIRA | ||
| 650 | _aPRESERVACAO DA MADEIRA | ||
| 650 | _aDETERIORACAO | ||
| 650 | _aCONDURU | ||
| 650 | _aCUPIUBA | ||
| 650 | _aMURICI | ||
| 650 | _aBULANDI | ||
| 650 | _aREGIAO NORDESTE | ||
| 773 | 0 |
_tFloresta (Brazil) _xISSN 0015-3826 _g(Dec 1981), v. 12(2) p. 53-58 _wBR8106017 |
|
| 909 |
_a202311 _bLúcia _c55 _dLúcia Elande |
||
| 942 |
_2AGRIS _n0 _cANA |
||
| 999 |
_c107738 _d107738 |
||